000 00813nam a2200241Ia 4500
003 GCL
008 140319s9999 xx 000 0 ara d
040 _aGCL /
_cGCL
082 0 4 _a658
_bك أ
100 1 _aكامل المغربى
245 1 0 _aاساسيات فى الادارة /
_cكامل المغربى
700 1 _aمهدى زويلف
700 1 _aعلى علاونة
260 _aالاردن :
_bدار الفكر للطباعة والنشر والتزيع ،
_c1995
300 _a395ص ؛
_c24سم
650 0 4 _aادارة الاعمال
650 0 4 _aالادارة المالية
650 0 4 _aالقوى العاملة
650 0 4 _aادارة الافراد
650 0 4 _aنظم المعلومات المحاسبية
650 0 4 _aالرقابة الادارية
942 _2ddc
_cBK
999 _c41268
_d41268